LIBRARY & INFORMATION CENTRE, KCAET, TAVANUR

ONLINE PUBLIC ACCESS CATALOGUE (OPAC)

Soil Structure Its Development and Function (Record no. 14544)

MARC details
000 -LEADER
fixed length control field 00363nam a22001457a 4500
020 ## - INTERNATIONAL STANDARD BOOK NUMBER
ISBN 9781566701732
082 ## - DEWEY DECIMAL CLASSIFICATION NUMBER
Classification number 631.44
Item number HAR/SO
245 ## - TITLE STATEMENT
Title Soil Structure Its Development and Function
260 ## - PUBLICATION, DISTRIBUTION, ETC. (IMPRINT)
Place of publication London
Name of publisher CRC Press
Year of publication 2014
300 ## - PHYSICAL DESCRIPTION
Number of Pages 424
490 ## - SERIES STATEMENT
Series statement Advances in Soil Science
700 ## - ADDED ENTRY--PERSONAL NAME
Personal name Hartge,K.H.
700 ## - ADDED ENTRY--PERSONAL NAME
Personal name Stewart,B.A.
942 ## - ADDED ENTRY ELEMENTS (KOHA)
Koha item type Books
Holdings
Withdrawn status Lost status Damaged status Collection code Home library Current library Shelving location Date acquired Source of acquisition Cost, normal purchase price Full call number Accession Number Koha item type
        KAUAET KAUAET General Stacks 15/07/2016 Southern Book Stall, Tvm 3495.00 631.44 HAR/SO 24558 Books
free website counter